|
|
|
|
| LEADER |
00925pam a22002658a 4500 |
| 001 |
00045659 |
| 005 |
20200804150836.0 |
| 008 |
110505s1997 ||||||Viesd |
| 020 |
# |
# |
|c 68000
|
| 041 |
0 |
# |
|a Vie
|
| 082 |
1 |
# |
|a 495.1
|b B100TR
|
| 100 |
1 |
# |
|e Biên dịch
|a Trương, Văn Giới
|
| 245 |
0 |
0 |
|c Trương Văn Giới, Lê Khắc Kiều Lục (b.d.)
|a 301 câu đàm thoại tiếng Hoa
|
| 260 |
# |
# |
|a Hà Nội
|c 2015
|b Khoa học xã hội
|
| 300 |
# |
# |
|a 480 tr.
|c 24 cm
|
| 500 |
# |
# |
|a ĐTTS ghi : Học viện ngôn ngữ Bắc Kinh
|
| 653 |
# |
# |
|a Ngôn ngữ
|
| 653 |
# |
# |
|a Sử dụng
|
| 653 |
# |
# |
|a Thực hành
|
| 653 |
# |
# |
|a Tiếng Trung
|
| 653 |
# |
# |
|a Đàm thoại
|
| 700 |
1 |
# |
|a Lê, Khắc Kiều Lục
|e Biên dịch
|
| 852 |
# |
# |
|j KM.0034199
|j KM.0034188
|
| 910 |
# |
# |
|d 4/8/2020
|
| 980 |
# |
# |
|a Trung tâm Học liệu Lê Vũ Hùng, Trường Đại học Đồng Tháp
|